Quy hoạch tuyến tính : Giáo trình hoàn chỉnh : Lý thuyết cơ bản, Phương pháp đơn hình, Bài toán mạng, Thuật toán điểm trong

Đã lưu trong:
书目详细资料
主要作者: Phan Quốc Khánh
格式: 图书
出版: Khoa học và kỹ thuật 2000
标签: 添加标签
没有标签, 成为第一个标记此记录!
Thư viện lưu trữ: Mạng thư viện Đại học Đà Nẵng
LEADER 00711nam a2200229 a 4500
001 000029985
003 13580
005 20171030145630.0
008 171030s2000
020 |c 32600 
040 |a LTT 
082 0 |a 519.5  |b PH-K 
100 1 |a Phan Quốc Khánh 
245 0 0 |a Quy hoạch tuyến tính : Giáo trình hoàn chỉnh : Lý thuyết cơ bản, Phương pháp đơn hình, Bài toán mạng, Thuật toán điểm trong  |c Phan Quốc Khánh, Trần Huệ Nương. 
260 |b Khoa học và kỹ thuật  |c 2000 
OWN |a LTT 
999 |a From the UDN01 
TYP |a Monograph 
TYP |a Printed language 
980 |a Mạng thư viện Đại học Đà Nẵng